MARC

LEADER 00000nam0a2200000 4500
001 354857
005 20231102010732.0
035 |a (RuTPU)RU\TPU\retro\12116 
090 |a 354857 
100 |a 20200626d1972 km y0rusy50 ca 
101 0 |a rus 
102 |a UA 
105 |a a z 001zy 
200 1 |a Гидротехнические сооружения  |f С. Н. Кудин 
210 |a Киев  |c Будiвельник  |d 1972 
215 |a 207 с.  |c ил. 
320 |a Библиогр.: с. 207 
606 1 |a Гидротехнические сооружения  |x В целом  |2 stltpush  |3 (RuTPU)RU\TPU\subj\6818  |9 34609 
610 1 |a водохранилища 
610 1 |a плотины 
610 1 |a земляные плотины 
610 1 |a фильтрация 
610 1 |a водозаборные сооружения 
610 1 |a отстойники 
610 1 |a водопроводящие сооружения 
610 1 |a мелиорация 
610 1 |a осушение 
610 1 |a орошение 
610 1 |a судоходные шлюзы 
610 1 |a изыскания 
610 1 |a проектирование 
675 |a 626/628  |v 4 
700 1 |a Кудин  |b С. Н.  |g Сергей Николаевич 
801 1 |a RU  |b 63413507  |c 20200626 
801 2 |a RU  |b 63413507  |c 20211125  |g RCR 
942 |c BK